The crash of '79. (Record no. 188240)
[ view plain ]
| 000 -LEADER | |
|---|---|
| fixed length control field | 00505cam8a220018100 4500 |
| 001 - CONTROL NUMBER | |
| control field | tmp15989136 |
| 003 - CONTROL NUMBER IDENTIFIER | |
| control field | UPRA |
| 005 - DATE AND TIME OF LATEST TRANSACTION | |
| control field | 20190830110318.0 |
| 008 - FIXED-LENGTH DATA ELEMENTS--GENERAL INFORMATION | |
| fixed length control field | 951117s1977 enk eng u |
| 035 ## - SYSTEM CONTROL NUMBER | |
| System control number | (Sirsi) r26356 |
| 035 ## - SYSTEM CONTROL NUMBER | |
| System control number | (UPRA)tmp15989136 |
| 040 ## - CATALOGING SOURCE | |
| Transcribing agency | UPRA |
| 100 1# - MAIN ENTRY--PERSONAL NAME | |
| Personal name | Erdman, Paul Emil, 1932- |
| Dates associated with a name | Erdman, Paul Emil, 1932- |
| Linkage | A90055.1 |
| 245 14 - TITLE STATEMENT | |
| Title | The crash of '79. |
| 260 ## - PUBLICATION, DISTRIBUTION, ETC. | |
| Place of publication, distribution, etc. | London : |
| Name of publisher, distributor, etc. | Secker & Warburg, |
| Date of publication, distribution, etc. | [1977] |
| 949 ## - LOCAL PROCESSING INFORMATION (OCLC) | |
| a | PS3555 |
| w | lcc |
| i | -27088 |
| m | MAIN |
| t | BOOK |
| l | ON-SHELF |
No items available.